The noble scholar, jurist, historian


 His Excellency Dr. Abdul Wahhab bin Ibrahim Abu Sulaiman, may Allah have mercy on him.


 He was born in Umm Al-Qura in the year 1356 AH.

الاجتهاد التحقيقي / (Record no. 3067)

MARC details
000 -LEADER
fixed length control field 01377cam a22003371i 4500
003 - CONTROL NUMBER IDENTIFIER
control field SA-RiAUC
005 - DATE AND TIME OF LATEST TRANSACTION
control field 20241205140816.0
008 - FIXED-LENGTH DATA ELEMENTS--GENERAL INFORMATION
fixed length control field 241203s2000 le g 000 0 ara c
040 ## - CATALOGING SOURCE
Original cataloging agency OM-MuSQU
Language of cataloging ara
Transcribing agency SA-RiAUC
Description conventions rda
041 1# - LANGUAGE CODE
Language code of text/sound track or separate title ara
Language code of original und
050 14 - LIBRARY OF CONGRESS CALL NUMBER
Item number . H35 2000
050 10 - LIBRARY OF CONGRESS CALL NUMBER
Item number H35 2000
082 04 - DEWEY DECIMAL CLASSIFICATION NUMBER
Classification number 251.15
Assigning agency SA-RiAUC
090 ## - LOCALLY ASSIGNED LC-TYPE CALL NUMBER (OCLC); LOCAL CALL NUMBER (RLIN)
Classification number (OCLC) (R) ; Classification number, CALL (RLIN) (NR) 251.15
Local cutter number (OCLC) ; Book number/undivided call number, CALL (RLIN) ح ك ي
100 1# - MAIN ENTRY--PERSONAL NAME
Personal name الحكيمي، محمد رضا،
Dates associated with a name 1931-1992
Relator term مؤلف.
245 12 - TITLE STATEMENT
Title الاجتهاد التحقيقي /
Statement of responsibility, etc. محمد رضا حكيمي ؛ ترجمة حيدر نجف، خليل العصامي ؛ مراجعة وتقديم عبد الجبار الرفاعي.
264 #1 - PRODUCTION, PUBLICATION, DISTRIBUTION, MANUFACTURE, AND COPYRIGHT NOTICE
Place of production, publication, distribution, manufacture بيروت :
Name of producer, publisher, distributor, manufacturer دار الهادي،
Date of production, publication, distribution, manufacture, or copyright notice 2000
300 ## - PHYSICAL DESCRIPTION
Extent 128 صفحة ؛
Dimensions 24 سم.
336 ## - CONTENT TYPE
Content type term نص
Content type code txt
Source rdacontent
Materials specified كتاب
337 ## - MEDIA TYPE
Media type term بدون وسيط
Media type code n
Source rdamedia
338 ## - CARRIER TYPE
Carrier type term مجلد
Carrier type code nc
Source rdacarrier
490 0# - SERIES STATEMENT
Series statement قضايا إسلامية معاصرة
504 ## - BIBLIOGRAPHY, ETC. NOTE
Bibliography, etc. note يشتمل على إرجاعات ببليوجرافية.
590 ## - LOCAL NOTE (RLIN)
Local note الشعيلي / أسماء.
650 #7 - SUBJECT ADDED ENTRY--TOPICAL TERM
Topical term or geographic name entry element الاجتهاد (أصول فقه)
Source of heading or term aucsh
700 1# - ADDED ENTRY--PERSONAL NAME
Personal name نجف، حيدر
Relator term مترجم.
700 1# - ADDED ENTRY--PERSONAL NAME
Personal name العصامي، خليل زامل
Relator term مترجم.
700 1# - ADDED ENTRY--PERSONAL NAME
Personal name الرفاعي، عبد الجبار،
Dates associated with a name 1954-
Relator term مراجع.
942 ## - ADDED ENTRY ELEMENTS (KOHA)
Source of classification or shelving scheme Dewey Decimal Classification
Koha item type Books
Suppress in OPAC No
949 ## - LOCAL PROCESSING INFORMATION (OCLC)
a SA-JeALM
d 241203
u mohamedma123
n 1
Holdings
Withdrawn status Lost status Source of classification or shelving scheme Damaged status Not for loan Home library Current library Date acquired Total checkouts Full call number Barcode Date last seen Price effective from Koha item type
    Dewey Decimal Classification     DR AbdElwahab Library DR AbdElwahab Library 12/05/2024   251.15 ح ك ي 000004786 12/05/2024 12/05/2024 Books